[Event "asdf"]
[Site "http://www.queenalice.com/game.php?id=1359564"]
[Date "2015.5.15"]
[Round "-"]
[White "OdinsRaven"]
[Black "loinburger"]
[Result "0-1"]
[WhiteElo "1100"]
[BlackElo "1815"]

1. e4 c5 2. d3 Nc6 3. Be3 d6 4. Be2 g6 5. Nc3 Bg7 6. Bf3 h5 7. Nge2 Nf6 8. O-O
Ng4 9. h3 Nxe3 10. fxe3 Ne5 11. Bxh5 Rxh5 12. d4 Nc4 13. Nd5 cxd4 14. exd4 Nxb2
15. Qd3 Nxd3 16. cxd3 Be6 17. Nef4 Bxd4+ 18. Kh2 Be5 19. Kh1 Bxf4 20. Nxf4 Re5
21. a4 g5 22. Ne2 Kd7 23. Kg1 Qh8 24. Rf3 g4 25. Rg3 gxh3 26. gxh3 Bxh3 27. Nf4
Rg8 28. Rxg8 Qxg8+ 29. Kf2 Qg4 30. Ke3 f5 31. Ra2 Qg3+ 32. Kd4 Qxf4 33. Re2 Bf1
34. Re3 Bxd3 35. Kxd3 fxe4+ 36. Kd4 Ke6 37. a5 Rd5+ 38. Kc4 Qxe3 39. Kb4 Qc5+
40. Kb3 Rd4 41. Kb2 Rb4+ 42. Ka3 Qxa5# 0-1

[Event "Gunderstank"]
[Site "http://www.queenalice.com/game.php?id=1359992"]
[Date "2015.5.17"]
[Round "-"]
[White "loinburger"]
[Black "OdinsRaven"]
[Result "1-0"]
[WhiteElo "1806"]
[BlackElo "1100"]

1. d4 Nc6 2. e4 Nf6 3. Nc3 d5 4. e5 Ne4 5. Nxe4 dxe4 6. c3 Bf5 7. Be3 e6 8. Bb5
Qd7 9. Ne2 Bg4 10. Qd2 g6 11. h3 Bxe2 12. Qxe2 Bg7 13. O-O O-O 14. Bg5 Qd5 15.
Bc4 Qd7 16. Qxe4 h6 17. Bf6 Bh8 18. Qf4 Na5 19. Bxh8 Kxh8 20. Qxh6+ Kg8 21. Bd3
Qe7 22. h4 Rab8 23. g3 b5 24. b4 Nc4 25. h5 Nb2 26. hxg6 Nxd3 27. Qh7# 1-0

[Event "Challenge"]
[Site "http://www.queenalice.com/game.php?id=1360798"]
[Date "2015.5.21"]
[Round "-"]
[White "OdinsRaven"]
[Black "loinburger"]
[Result "0-1"]
[WhiteElo "1100"]
[BlackElo "1856"]

1. e4 e5 2. Nf3 Nc6 3. Bc4 Nf6 4. Nc3 Bb4 5. a3 Bxc3 6. bxc3 Nxe4 7. O-O d6 8.
Bd5 Nf6 9. c4 Ne7 10. Bxf7+ Kxf7 11. c3 Rf8 12. Ng5+ Kg8 13. Qe2 h6 14. Nf3 b6
15. d4 exd4 16. cxd4 Bg4 17. d5 Kh8 18. h3 Bh5 19. Qe3 Bxf3 20. Qxf3 Nfxd5 21.
Qd3 Nf4 22. Bxf4 Rxf4 23. Rfc1 Nc6 24. Qd5 Na5 25. Rc3 Qf8 26. Rf3 Rxf3 27. gxf3
Re8 28. Rd1 Re5 29. Qd3 Qf4 30. Kg2 Nxc4 31. Ra1 Rg5+ 32. Kf1 Nd2+ 33. Ke2 Re5+
34. Kd1 Nxf3 35. Qc2 Re1# 0-1

[Event "Challenge"]
[Site "http://www.queenalice.com/game.php?id=1362027"]
[Date "2015.5.28"]
[Round "-"]
[White "OdinsRaven"]
[Black "loinburger"]
[Result "0-1"]
[WhiteElo "1100"]
[BlackElo "1860"]

1. e4 g6 2. d3 Bg7 3. Nf3 Nc6 4. Nc3 d6 5. d4 e6 6. Bg5 f6 7. Be3 Nge7 8. Bc4
Na5 9. Bb5+ c6 10. Bd3 b5 11. Bxb5 cxb5 12. Nxb5 Ba6 13. Nc3 Nc4 14. Bc1 O-O 15.
b3 Qa5 16. Qd3 Ne5 17. Qe3 Ng4 18. Qd2 Bh6 19. Qd1 Qxc3+ 20. Bd2 Bxd2+ 21. Qxd2
Qxa1+ 22. Qd1 Qxd1+ 23. Kxd1 Nxf2+ 24. Kc1 Nxh1 0-1

[Event "Challenge"]
[Site "http://www.queenalice.com/game.php?id=1362490"]
[Date "2015.5.30"]
[Round "-"]
[White "OdinsRaven"]
[Black "loinburger"]
[Result "0-1"]
[WhiteElo "1100"]
[BlackElo "1877"]

1. g3 Nf6 2. Bg2 d5 3. e3 Bg4 4. Bf3 Bxf3 5. Nxf3 e6 6. d4 Ne4 7. O-O Bb4 8. c3
Bd6 9. Nbd2 f5 10. b4 Nxc3 11. Qb3 Ne2+ 12. Kg2 Nxc1 13. Rfxc1 O-O 14. a3 a6 15.
a4 c6 16. a5 Nd7 17. h3 h6 18. Nh4 Kh7 19. Nhf3 g5 20. h4 g4 21. Ne1 e5 22. Nc2
exd4 23. Nxd4 Qf6 24. Rd1 Ne5 25. Nc2 Kg6 26. f3 Rae8 27. Rf1 gxf3+ 28. Nxf3 Ng4
29. Rae1 Re4 30. Re2 Qe7 31. Nfd4 h5 32. Rf3 Qe5 33. Kh3 Rf7 34. Qc3 Rc7 35.
Rxf5 Qxg3# 0-1

[Event "Challenge"]
[Site "http://www.queenalice.com/game.php?id=1363009"]
[Date "2015.6.2"]
[Round "-"]
[White "OdinsRaven"]
[Black "loinburger"]
[Result "0-1"]
[WhiteElo "1100"]
[BlackElo "1879"]

1. e4 e5 2. g3 Nf6 3. d3 Nc6 4. Bg2 Bc5 5. Nf3 d6 6. O-O Be6 7. c4 Qd7 8. Qb3
O-O-O 9. a3 Nd4 10. Nxd4 Bxd4 11. Nd2 h6 12. Nf3 Bb6 13. Qc2 g5 14. h3 Bxh3 15.
b4 Bxg2 16. Kxg2 c5 17. Bd2 a6 18. Qb2 Ba7 19. a4 Kb8 20. a5 cxb4 21. Bxb4 Rc8
22. Rfc1 Ng4 23. Be1 f5 24. exf5 Qxf5 25. Qb3 Rhf8 26. Rc2 Qxf3+ 27. Kf1 Nxf2
28. Bxf2 Qh1+ 29. Ke2 Rxf2# 0-1

[Event "Odins Raven"]
[Site "http://www.queenalice.com/game.php?id=1363014"]
[Date "2015.6.2"]
[Round "-"]
[White "AAABBB"]
[Black "OdinsRaven"]
[Result "1-0"]
[WhiteElo "2852"]
[BlackElo "1100"]

1. d4 e6 2. c4 Nf6 3. Nc3 Bb4 4. e3 O-O 5. Bd2 Nc6 6. Qc2 g6 7. a3 Ba5 8. b4
Bxb4 9. axb4 Nxb4 10. Qb3 Qe7 11. e4 b6 12. Bg5 Ba6 13. e5 Qe8 14. Qxb4 Qc8 15.
Bxf6 Re8 16. Qa3 c5 17. Qc1 Kf8 18. Qh6+ Kg8 19. Qg7# 1-0

[Event "Odins Raven"]
[Site "http://www.queenalice.com/game.php?id=1363015"]
[Date "2015.6.2"]
[Round "-"]
[White "OdinsRaven"]
[Black "AAABBB"]
[Result "0-1"]
[WhiteElo "1100"]
[BlackElo "2851"]

1. e4 e5 2. Nf3 Nc6 3. g3 Nf6 4. Nc3 Bc5 5. Bg2 O-O 6. O-O d6 7. d3 h6 8. a3 Be6
9. h3 a6 10. b4 Ba7 11. Qe2 Qd7 12. Be3 Bxe3 13. Qxe3 Bxh3 14. Bxh3 Qxh3 15. b5
Ng4 16. Qe2 Nd4 17. Nxd4 Qh2# 0-1

[Event "Challenge"]
[Site "http://www.queenalice.com/game.php?id=1363202"]
[Date "2015.6.3"]
[Round "-"]
[White "loinburger"]
[Black "OdinsRaven"]
[Result "1-0"]
[WhiteElo "1931"]
[BlackElo "1100"]

1. d4 g6 2. e4 Nf6 3. e5 Nd5 4. c4 Nb4 5. a3 N4c6 6. b4 a6 7. Nf3 e6 8. Bg5 Be7
9. Bh6 Bf8 10. Bxf8 Kxf8 11. Nc3 d6 12. Qd2 h6 13. Qe3 b6 14. Bd3 Kg7 15. O-O a5
16. b5 Ne7 17. Be4 Ra7 18. a4 c6 19. Bc2 d5 20. cxd5 cxd5 21. Ne2 Qc7 22. Rfc1
Qd7 23. Ng3 h5 24. Qf4 Qe8 25. Ng5 Rf8 26. Qf6+ Kh6 27. Bb1 Nd7 28. Qf4 f6 29.
Nxe6+ Kh7 30. Nxf8+ Nxf8 31. Nxh5 Qf7 32. Rxc8 Nxc8 33. Nxf6+ Kg7 34. h4 Ne6 35.
Qe3 Ne7 36. h5 gxh5 37. Qd3 Kh6 38. Ba2 Nf4 39. Qf3 Ne6 40. Rd1 Rc7 41. Bxd5
Nxd5 42. Qxd5 h4 43. Qf3 Ng5 44. Qf4 Kg6 45. Qxh4 Qg7 46. Qh5+ Kf5 47. g4+ Kf4
48. Nd5+ Ke4 49. Nxc7 Nf3+ 50. Kg2 Nxd4 51. Rxd4+ Kxd4 52. Ne6+ Kc4 53. Nxg7 Kb4
54. Qg6 Kxa4 55. Qxb6 Kb4 56. Qxa5+ Kxa5 57. e6 Kxb5 58. e7 Kc5 59. e8=Q Kd6 60.
Qe6+ Kc7 61. Qd5 Kb6 62. Qc4 Kb7 63. Ne6 Ka7 64. Qb5 Ka8 65. Nd8 Ka7 66. Qb7#
1-0

[Event "Challenge"]
[Site "http://www.queenalice.com/game.php?id=1364388"]
[Date "2015.6.8"]
[Round "-"]
[White "OdinsRaven"]
[Black "loinburger"]
[Result "0-1"]
[WhiteElo "1094"]
[BlackElo "1932"]

1. Nf3 d5 2. Nc3 c5 3. e3 Bg4 4. Be2 e6 5. d4 Nc6 6. O-O Nf6 7. h3 Bh5 8. a3 a6
9. Rb1 Bd6 10. Bd2 O-O 11. g3 b5 12. b3 h6 13. a4 b4 14. Na2 a5 15. Kh2 Ne4 16.
Rg1 Nxf2 17. Qf1 Ne4 18. Be1 Bxf3 19. Bxf3 Ng5 20. Bg2 cxd4 21. Bd2 dxe3 22.
Bxe3 Qc7 23. Bf2 Ne5 24. Qe2 Ng6 25. Qe3 Qxc2 26. Nc1 Qxb1 27. h4 Nxh4 28. Bf1
Nhf3+ 29. Kg2 Nxg1 30. Kxg1 Rfc8 31. Nd3 Qxb3 32. Qb6 Ne4 33. Be1 Bxg3 34. Bxg3
Nxg3 35. Qb5 Nxf1 36. Kxf1 Rcb8 37. Qc6 Qxd3+ 38. Ke1 Rc8 39. Qb7 Rc1+ 40. Kf2
Rc2+ 41. Kg1 Qd1# 0-1

[Event "Challenge"]
[Site "http://www.queenalice.com/game.php?id=1369582"]
[Date "2015.7.4"]
[Round "-"]
[White "OdinsRaven"]
[Black "loinburger"]
[Result "0-1"]
[WhiteElo "1094"]
[BlackElo "1998"]

1. e4 g6 2. Bc4 Bg7 3. c3 Nc6 4. d4 d6 5. Bd5 Bd7 6. Nf3 Nf6 7. Nbd2 Nxd5 8.
exd5 Nb8 9. O-O O-O 10. h3 Bc8 11. c4 Nd7 12. b3 b6 13. Bb2 a5 14. a4 Nb8 15.
Qe2 Na6 16. Ba3 f5 17. g3 Bd7 18. h4 f4 19. Ne4 h5 20. Rab1 Bg4 21. Neg5 Qc8 22.
Bc1 fxg3 23. fxg3 Bxd4+ 24. Kh2 Nc5 25. Qxe7 Bg7 26. Bb2 Qd7 27. Qxd7 Nxd7 28.
Ne6 Bxe6 29. dxe6 Bxb2 30. exd7 Bf6 31. Rbe1 Rad8 32. Re8 Rfxe8 33. dxe8=Q+ Rxe8
34. Kh3 Re3 35. Nd2 Bc3 36. Rd1 Rd3 37. Ne4 Rxd1 38. Nxc3 Rd3 39. Nb5 Rxb3 40.
Nxc7 Rb4 41. Nb5 Rxb5 42. cxb5 Kf7 43. Kg2 Ke6 44. Kf3 Ke5 45. g4 d5 46. gxh5
gxh5 47. Ke2 Ke4 48. Kd2 d4 49. Ke2 d3+ 50. Kd2 Kd4 51. Kd1 Kc3 52. Ke1 Kb4 53.
Kd2 Kxa4 54. Kxd3 Kxb5 55. Ke4 a4 56. Kf5 a3 57. Kg5 a2 58. Kxh5 a1=Q 59. Kg5
Qh8 60. h5 Kc5 61. h6 b5 62. Kg6 b4 63. h7 b3 64. Kh6 b2 65. Kg6 b1=Q+ 66. Kh6
Qg1 67. Kh5 Qxh7# 0-1

[Event "My Alice_02"]
[Site "http://www.queenalice.com/game.php?id=1370284"]
[Date "2015.7.7"]
[Round "-"]
[White "EdBrazil"]
[Black "OdinsRaven"]
[Result "1/2-1/2"]
[WhiteElo "1292"]
[BlackElo "1092"]

1. e4 g6 2. d4 Bg7 3. e5 Nc6 4. Bc4 e6 5. Nf3 Nge7 6. Bg5 O-O 7. Qd2 h6 8. Bxh6
Bxh6 9. Qxh6 Nf5 10. Qd2 a6 11. Nc3 b5 12. Bd3 Ncxd4 13. Be4 c6 14. O-O Nxf3+
15. Bxf3 a5 16. Ne4 a4 17. Nf6+ Kg7 18. Qg5 Nh6 19. Bh5 d6 20. Rad1 Qe7 21. exd6
Qxf6 22. Qc5 Bb7 23. d7 Rfd8 24. Qb6 Rab8 25. c3 gxh5 26. Rd3 h4 27. Kh1 Qe7 28.
Rfd1 Nf5 29. g4 hxg3 30. hxg3 c5+ 31. Kg1 b4 32. Kf1 Bd5 33. Qa7 Rb7 34. Qxa4
Rdxd7 35. Ke2 c4 36. R3d2 f6 37. f3 Nxg3+ 38. Kf2 Nf5 39. Rg1+ Kh6 40. f4 e5 41.
Qd1 Qc5+ 42. Rd4 Nxd4 43. Qg4 Nc2+ 44. Ke2 Qe3+ 45. Kf1 Qf3+ 46. Qxf3 Bxf3 47.
Rg3 1/2-1/2

[Event "Challenge"]
[Site "http://www.queenalice.com/game.php?id=1370828"]
[Date "2015.7.10"]
[Round "-"]
[White "OdinsRaven"]
[Black "loinburger"]
[Result "0-1"]
[WhiteElo "1100"]
[BlackElo "2000"]

1. e4 e5 2. Nf3 Nc6 3. Bc4 Bc5 4. O-O Nf6 5. Nc3 d6 6. d3 Be6 7. Bxe6 fxe6 8.
Ng5 Qd7 9. b3 O-O-O 10. a3 h6 11. Nf3 a6 12. b4 Ba7 13. b5 axb5 14. Nxb5 Bb6 15.
Rb1 d5 16. Nc3 Ba5 17. Bb2 Qd6 18. Ra1 Rhf8 19. Nb5 Qc5 20. a4 d4 21. Qc1 Nb4
22. c3 Nxd3 23. Qc2 Nxb2 24. Qxb2 c6 25. Na3 Bxc3 26. Qc2 d3 27. Qc1 Nxe4 28. g3
Rxf3 29. Ra2 d2 30. Qc2 Nxf2 31. Kg2 Qd5 32. h4 d1=Q 33. Rxd1 Nxd1 34. Nb1 Rf2+
35. Kh3 Qg2+ 36. Kg4 Rxc2 37. Rxc2 Rd4+ 38. Kh5 Qf3+ 39. Kg6 Qf5+ 40. Kxg7 Rd7+
41. Kxh6 Rh7# 0-1

[Event "Challenge"]
[Site "http://www.queenalice.com/game.php?id=1371749"]
[Date "2015.7.15"]
[Round "-"]
[White "loinburger"]
[Black "OdinsRaven"]
[Result "1-0"]
[WhiteElo "2002"]
[BlackElo "1098"]

1. d4 Nc6 2. e4 e6 3. Nf3 Nf6 4. e5 Nd5 5. Be2 Be7 6. O-O O-O 7. c4 Ndb4 8. a3
Na6 9. Nc3 b6 10. b4 Nab8 11. d5 Nxe5 12. Nxe5 d6 13. Nf3 e5 14. h3 h6 15. Ne4
Bf5 16. Bd3 g5 17. g4 Bxe4 18. Bxe4 f6 19. Qd3 Rf7 20. h4 Nd7 21. h5 a5 22. Bb2
axb4 23. axb4 Rxa1 24. Rxa1 Qb8 25. Bf5 Qc8 26. Be6 Kg7 27. Qg6+ Kh8 28. Bxf7
Nf8 29. Qxh6+ Nh7 30. Qg6 Qf8 31. h6 e4 32. Ra8 Bd8 33. Rxd8 Qxd8 34. Qg7# 1-0

[Event "Challenge"]
[Site "http://www.queenalice.com/game.php?id=1373233"]
[Date "2015.7.25"]
[Round "-"]
[White "OdinsRaven"]
[Black "loinburger"]
[Result "0-1"]
[WhiteElo "1096"]
[BlackElo "2004"]

1. e4 g6 2. d4 Bg7 3. Nf3 d6 4. Nc3 Nc6 5. Be3 e5 6. d5 Nce7 7. Bb5+ Bd7 8.
Bxd7+ Qxd7 9. h3 Nf6 10. O-O h5 11. Ng5 O-O 12. Qe2 Nh7 13. g3 Nxg5 14. Bxg5 f6
15. Qe3 fxg5 16. Qxg5 Kh7 17. h4 Bf6 18. Qe3 a6 19. a4 Qg4 20. Kh2 Ng8 21. f3
Qd7 22. b3 Nh6 23. Qe2 Rf7 24. Rf2 Raf8 25. Raf1 Be7 26. Kg2 c6 27. Qe3 c5 28.
Qe2 Qd8 29. Nd1 g5 30. hxg5 Bxg5 31. c4 Rg7 32. Rh1 Bh4 33. Rh3 Qg5 34. Qe3 Rf4
35. Rf1 Bxg3 36. Qg1 Rh4 37. Rxh4 Qxh4 38. Qh1 Be1# 0-1

[Event "Challenge"]
[Site "http://www.queenalice.com/game.php?id=1374516"]
[Date "2015.7.30"]
[Round "-"]
[White "OdinsRaven"]
[Black "loinburger"]
[Result "0-1"]
[WhiteElo "1094"]
[BlackElo "2006"]

1. e4 e5 2. Nc3 Nf6 3. Nf3 Nc6 4. Bc4 Bb4 5. Bb5 Nd4 6. Nxd4 exd4 7. Ne2 Qe7 8.
Bd3 Nxe4 9. f3 Nc5 10. O-O Nxd3 11. cxd3 Bc5 12. b3 O-O 13. Bb2 Qe5 14. Qe1 Bd6
15. Bxd4 Qxh2+ 16. Kf2 Qh4+ 17. Ke3 Re8+ 18. Be5 Rxe5# 0-1

[Event "Challenge"]
[Site "http://www.queenalice.com/game.php?id=1374884"]
[Date "2015.8.1"]
[Round "-"]
[White "OdinsRaven"]
[Black "loinburger"]
[Result "0-1"]
[WhiteElo "1092"]
[BlackElo "2013"]

1. e4 c5 2. Bc4 e6 3. Nc3 Nc6 4. d3 Nf6 5. Nf3 h6 6. O-O a6 7. a4 Nb4 8. Bf4 d5
9. exd5 exd5 10. Be5 dxc4 11. dxc4 Qxd1 12. Raxd1 Be7 13. Rc1 O-O 14. Rfe1 Nc6
15. b3 Bg4 16. Nh4 Nd7 17. Re4 Ndxe5 18. Nd5 Bxh4 19. g3 Bg5 20. Rce1 Nf3+ 21.
Kg2 Nxe1+ 22. Rxe1 Nd4 23. Re4 Bf3+ 24. Kg1 Bxe4 25. c3 Nxb3 26. Nb6 Rfd8 27. h4
Rd1+ 28. Kh2 Rh1# 0-1

[Event "Challenge"]
[Site "http://www.queenalice.com/game.php?id=1376648"]
[Date "2015.8.10"]
[Round "-"]
[White "OdinsRaven"]
[Black "loinburger"]
[Result "0-1"]
[WhiteElo "1090"]
[BlackElo "2026"]

1. e4 g6 2. Bc4 Bg7 3. Nf3 e6 4. Nc3 Ne7 5. d4 b6 6. Bd3 Bb7 7. O-O O-O 8. a4 a5
9. b3 Na6 10. Ba3 Nc6 11. e5 Re8 12. Be4 d5 13. Bd3 Na7 14. Qe2 Qc8 15. Nb5 Nxb5
16. Bxb5 c6 17. Bd3 Nb4 18. Bxb4 axb4 19. Ra2 c5 20. Qe3 Ra5 21. Rfa1 Qc7 22.
Bb5 Rea8 23. h4 h5 24. g3 Ba6 25. Bxa6 R8xa6 26. Ng5 c4 27. Kg2 b5 28. Qf4 c3
29. Qe3 bxa4 30. Rxa4 Rxa4 31. Rxa4 Qb7 32. Qd3 Ra7 33. f4 Bf8 34. Kh3 Qd7 35.
g4 hxg4+ 36. Kxg4 Rxa4 37. bxa4 Qxa4 38. h5 Qe8 39. hxg6 fxg6 40. Qh3 Qe7 41.
Kf3 b3 42. Qg2 b2 43. Qg1 Bh6 44. Kg4 Bxg5 45. fxg5 Qb4 46. Qb1 Qxd4+ 47. Kf3
Qe4+ 48. Kf2 Qf4+ 49. Ke2 Qc1 50. Qxc1 bxc1=Q 51. Kd3 Qd2# 0-1

[Event "Challenge"]
[Site "http://www.queenalice.com/game.php?id=1378573"]
[Date "2015.8.19"]
[Round "-"]
[White "OdinsRaven"]
[Black "loinburger"]
[Result "0-1"]
[WhiteElo "1088"]
[BlackElo "2045"]

1. e4 c5 2. d4 cxd4 3. Qxd4 Nc6 4. Qd1 e6 5. Bd3 Nge7 6. Nf3 g6 7. b3 Bg7 8. c3
O-O 9. Bg5 Qc7 10. O-O f5 11. Qe1 Rf7 12. a4 d6 13. Ra3 b6 14. b4 a5 15. b5 Ne5
16. Nxe5 Bxe5 17. Bxe7 Rxe7 18. h3 fxe4 19. Bxe4 d5 20. Bd3 Bd6 21. Ra2 Bb7 22.
f3 Bc5+ 23. Kh1 Rf8 24. c4 d4 25. Nd2 Bb4 26. Qf2 e5 27. Re1 Bd6 28. Ne4 Bxe4
29. Rxe4 Ref7 30. Be2 Bc5 31. Qg3 Rf4 32. Ra1 Rxe4 33. fxe4 Rf4 34. Bd3 Be7 35.
Qh2 Bg5 36. g3 Rf3 37. Be2 Re3 38. Qg2 d3 39. h4 dxe2 40. hxg5 e1=Q+ 41. Qg1
Qxg1+ 42. Rxg1 Qxc4 43. Kh2 Qe2+ 44. Rg2 Qxg2+ 45. Kxg2 Rxe4 46. Kf3 Rxa4 47. g4
Rd4 48. Kg3 a4 49. Kf3 a3 50. Ke3 a2 51. Ke2 a1=Q 52. Ke3 Qc3+ 53. Ke2 Rd2+ 54.
Ke1 Qc1# 0-1

[Event "Let's Play Chess!"]
[Site "http://www.queenalice.com/game.php?id=1523654"]
[Date "2018.4.16"]
[Round "-"]
[White "OdinsRaven"]
[Black "paolop69"]
[Result "0-1"]
[WhiteElo "1086"]
[BlackElo "1734"]

1. e4 e5 2. Nc3 c6 3. Nf3 d6 4. Be2 h6 5. d3 Be7 6. h4 Bg4 7. g3 Nf6 8. Bd2 Nbd7
9. d4 Bxf3 10. Bxf3 a6 11. a3 b5 12. b4 Nb6 13. dxe5 dxe5 14. Rf1 Nc4 15. Bg2
Nb2 0-1

[Event "Coffee"]
[Site "http://www.queenalice.com/game.php?id=1529421"]
[Date "2018.6.5"]
[Round "-"]
[White "magalhaes_br"]
[Black "OdinsRaven"]
[Result "1-0"]
[WhiteElo "1287"]
[BlackElo "1084"]

1. c4 e5 2. Nc3 Nc6 3. Nf3 f6 4. a3 Nge7 5. e3 d6 6. h3 h6 7. e4 f5 8. Bd3 f4 9.
g4 g5 10. O-O Bd7 11. Nd5 a6 12. Nf6+ Kf7 13. Nh5 1-0